[Event "DEM U18w 2025"]
[Site "Willingen GER"]
[Date "2025.06.09"]
[Round "3"]
[White "Bursan, Ana-Maria"]
[Black "Trunz, Michelle"]
[Result "1-0"]
[Termination "normal"]
[Board "1"]
[BlackTitle "WFM"]
[WhiteElo "1894"]
[BlackElo "2061"]
[WhiteClock "00:00:42"]
[BlackClock "00:00:38"]
[PlyCount "73"]
[WhiteFideId "34620150"]
[BlackFideId "16227980"]
[EventCountry "GER"]
[EventRounds "9"]
[EventType "swiss"]
[EventDate "2025.06.07"]

1. e4 {[%clk 01:30:56]} {[%emt 00:00:03]} c5 {[%clk 01:30:57]} {[%emt
00:00:05]} 2. Ne2 {[%clk 01:31:18]} {[%emt 00:00:07]} d6 {[%clk 01:31:08]}
{[%emt 00:00:20]} 3. g3 {[%clk 01:31:22]} {[%emt 00:00:26]} Nc6 {[%clk
01:30:25]} {[%emt 00:01:12]} 4. Bg2 {[%clk 01:30:40]} {[%emt 00:01:11]} g6
{[%clk 01:30:20]} {[%emt 00:00:37]} 5. c3 {[%clk 01:28:52]} {[%emt 00:02:17]}
Bg7 {[%clk 01:29:55]} {[%emt 00:00:56]} 6. O-O {[%clk 01:28:37]} {[%emt
00:00:45]} e6 {[%clk 01:27:32]} {[%emt 00:02:53]} 7. d4 {[%clk 01:22:29]}
{[%emt 00:06:37]} cxd4 {[%clk 01:26:51]} {[%emt 00:01:12]} 8. cxd4 {[%clk
01:18:18]} {[%emt 00:04:40]} Nge7 {[%clk 01:24:48]} {[%emt 00:02:34]} 9. Nbc3
{[%clk 01:16:37]} {[%emt 00:02:11]} O-O {[%clk 01:21:26]} {[%emt 00:03:51]} 10.
Be3 {[%clk 01:13:16]} {[%emt 00:03:51]} b6 {[%clk 01:12:00]} {[%emt 00:09:57]}
11. Qd2 {[%clk 01:03:45]} {[%emt 00:10:00]} Re8 {[%clk 01:08:30]} {[%emt
00:04:01]} 12. f4 {[%clk 01:00:33]} {[%emt 00:03:40]} Na5 {[%clk 01:01:30]}
{[%emt 00:07:31]} 13. b3 {[%clk 00:52:30]} {[%emt 00:08:33]} Bb7 {[%clk
00:59:52]} {[%emt 00:02:08]} 14. Rac1 {[%clk 00:47:25]} {[%emt 00:05:35]} Qd7
{[%clk 00:54:53]} {[%emt 00:05:30]} 15. h3 {[%clk 00:42:18]} {[%emt 00:05:35]}
f5 {[%clk 00:48:02]} {[%emt 00:07:22]} 16. g4 {[%clk 00:36:48]} {[%emt
00:06:00]} Rac8 {[%clk 00:40:12]} {[%emt 00:08:20]} 17. Ng3 {[%clk 00:32:27]}
{[%emt 00:04:51]} Rf8 {[%clk 00:33:34]} {[%emt 00:07:08]} 18. Rfd1 {[%clk
00:26:23]} {[%emt 00:06:34]} d5 {[%clk 00:23:53]} {[%emt 00:10:11]} 19. gxf5
{[%clk 00:21:29]} {[%emt 00:05:24]} exf5 {[%clk 00:23:41]} {[%emt 00:00:42]}
20. e5 {[%clk 00:21:10]} {[%emt 00:00:49]} Ba6 {[%clk 00:20:04]} {[%emt
00:04:07]} 21. Nf1 {[%clk 00:20:21]} {[%emt 00:01:18]} Nb7 {[%clk 00:17:34]}
{[%emt 00:03:01]} 22. Bf2 {[%clk 00:19:27]} {[%emt 00:01:24]} Bxf1 {[%clk
00:11:52]} {[%emt 00:06:12]} 23. Kxf1 {[%clk 00:19:07]} {[%emt 00:00:50]} g5
{[%clk 00:11:39]} {[%emt 00:00:42]} 24. Ke2 {[%clk 00:16:56]} {[%emt 00:02:41]}
Qe6 {[%clk 00:09:41]} {[%emt 00:02:28]} 25. Rg1 {[%clk 00:16:33]} {[%emt
00:00:54]} Nd6 {[%clk 00:08:41]} {[%emt 00:01:31]} 26. Bh1 {[%clk 00:10:40]}
{[%emt 00:06:23]} Ne4 {[%clk 00:08:06]} {[%emt 00:01:04]} 27. Bxe4 {[%clk
00:10:00]} {[%emt 00:01:10]} fxe4 {[%clk 00:08:15]} {[%emt 00:00:21]} 28. Rxg5
{[%clk 00:09:22]} {[%emt 00:01:08]} Ng6 {[%clk 00:06:36]} {[%emt 00:02:09]} 29.
Be3 {[%clk 00:06:45]} {[%emt 00:03:07]} Qxh3 {[%clk 00:05:46]} {[%emt
00:01:20]} 30. Rcg1 {[%clk 00:06:21]} {[%emt 00:00:55]} Rxc3 {[%clk 00:03:19]}
{[%emt 00:02:56]} 31. Qxc3 {[%clk 00:04:29]} {[%emt 00:02:22]} Nxf4+ {[%clk
00:03:36]} {[%emt 00:00:14]} 32. Ke1 {[%clk 00:02:10]} {[%emt 00:02:48]} Ng6
{[%clk 00:00:52]} {[%emt 00:03:14]} 33. R5g3 {[%clk 00:01:41]} {[%emt
00:00:59]} Qf5 {[%clk 00:00:41]} {[%emt 00:00:41]} 34. Qc6 {[%clk 00:01:01]}
{[%emt 00:01:10]} Kh8 {[%clk 00:00:36]} {[%emt 00:00:35]} 35. Qxd5 {[%clk
00:01:00]} {[%emt 00:00:31]} Qh5 {[%clk 00:00:38]} {[%emt 00:00:28]} 36. Qxe4
{[%clk 00:00:51]} {[%emt 00:00:38]} Rc8 {[%clk 00:00:38]} {[%emt 00:00:32]} 37.
Rh1 {[%clk 00:00:42]} {[%emt 00:00:39]} 1-0

[Event "DEM U18w 2025"]
[Site "Willingen GER"]
[Date "2025.06.09"]
[Round "3"]
[White "Neumann, Helena"]
[Black "Malmström, Eva"]
[Result "1-0"]
[Termination "normal"]
[Board "2"]
[WhiteTitle "WFM"]
[WhiteElo "2017"]
[BlackElo "1929"]
[WhiteClock "00:21:57"]
[BlackClock "00:44:37"]
[PlyCount "61"]
[WhiteFideId "16275365"]
[BlackFideId "34607072"]
[EventCountry "GER"]
[EventRounds "9"]
[EventType "swiss"]
[EventDate "2025.06.07"]

1. e4 {[%clk 01:30:46]} {[%emt 00:00:14]} e5 {[%clk 01:30:50]} {[%emt
00:00:08]} 2. Nf3 {[%clk 01:31:13]} {[%emt 00:00:04]} Nc6 {[%clk 01:31:09]}
{[%emt 00:00:11]} 3. Bb5 {[%clk 01:31:39]} {[%emt 00:00:05]} a6 {[%clk
01:31:12]} {[%emt 00:00:28]} 4. Ba4 {[%clk 01:31:59]} {[%emt 00:00:09]} Nf6
{[%clk 01:31:32]} {[%emt 00:00:09]} 5. O-O {[%clk 01:32:20]} {[%emt 00:00:10]}
d6 {[%clk 01:31:53]} {[%emt 00:00:08]} 6. Re1 {[%clk 01:31:13]} {[%emt
00:01:38]} b5 {[%clk 01:25:22]} {[%emt 00:07:01]} 7. Bb3 {[%clk 01:31:40]}
{[%emt 00:00:03]} Na5 {[%clk 01:25:40]} {[%emt 00:00:11]} 8. d4 {[%clk
01:30:34]} {[%emt 00:01:36]} Nxb3 {[%clk 01:25:57]} {[%emt 00:00:15]} 9. axb3
{[%clk 01:30:58]} {[%emt 00:00:05]} Nd7 {[%clk 01:24:24]} {[%emt 00:02:02]} 10.
Nc3 {[%clk 01:22:17]} {[%emt 00:09:11]} Bb7 {[%clk 01:22:12]} {[%emt 00:02:42]}
11. dxe5 {[%clk 01:22:12]} {[%emt 00:00:36]} dxe5 {[%clk 01:21:27]} {[%emt
00:01:15]} 12. Nd5 {[%clk 01:18:54]} {[%emt 00:03:48]} Bc5 {[%clk 01:08:10]}
{[%emt 00:13:46]} 13. Bg5 {[%clk 01:07:22]} {[%emt 00:12:02]} Qc8 {[%clk
01:06:32]} {[%emt 00:02:08]} 14. Nh4 {[%clk 01:04:22]} {[%emt 00:03:30]} c6
{[%clk 01:03:29]} {[%emt 00:03:33]} 15. Nc3 {[%clk 01:01:23]} {[%emt 00:03:30]}
Nf8 {[%clk 01:01:34]} {[%emt 00:02:24]} 16. Nf5 {[%clk 00:57:40]} {[%emt
00:04:14]} Ne6 {[%clk 01:01:44]} {[%emt 00:00:19]} 17. Be3 {[%clk 00:58:03]}
{[%emt 00:00:07]} Be7 {[%clk 01:01:16]} {[%emt 00:00:58]} 18. Qg4 {[%clk
00:54:52]} {[%emt 00:03:41]} g6 {[%clk 01:00:34]} {[%emt 00:01:12]} 19. Nxe7
{[%clk 00:53:48]} {[%emt 00:01:35]} Kxe7 {[%clk 01:01:00]} {[%emt 00:00:04]}
20. f4 {[%clk 00:49:29]} {[%emt 00:04:49]} Nxf4 {[%clk 00:54:35]} {[%emt
00:06:54]} 21. Qh4+ {[%clk 00:48:00]} {[%emt 00:01:59]} Kf8 {[%clk 00:49:56]}
{[%emt 00:05:08]} 22. Qf6 {[%clk 00:44:00]} {[%emt 00:04:30]} Kg8 {[%clk
00:49:55]} {[%emt 00:00:32]} 23. Qxe5 {[%clk 00:40:46]} {[%emt 00:03:45]} Ne6
{[%clk 00:50:14]} {[%emt 00:00:10]} 24. Rad1 {[%clk 00:38:00]} {[%emt
00:03:16]} h6 {[%clk 00:49:20]} {[%emt 00:01:24]} 25. Rf1 {[%clk 00:33:54]}
{[%emt 00:04:37]} Qe8 {[%clk 00:48:59]} {[%emt 00:00:49]} 26. Qf6 {[%clk
00:30:24]} {[%emt 00:04:02]} Rh7 {[%clk 00:47:57]} {[%emt 00:01:31]} 27. Bb6
{[%clk 00:25:54]} {[%emt 00:05:01]} Rg7 {[%clk 00:46:36]} {[%emt 00:01:50]} 28.
Rd6 {[%clk 00:24:01]} {[%emt 00:02:24]} Kh7 {[%clk 00:46:01]} {[%emt 00:01:04]}
29. Rfd1 {[%clk 00:24:17]} {[%emt 00:00:14]} Rc8 {[%clk 00:44:56]} {[%emt
00:01:35]} 30. Rd7 {[%clk 00:23:24]} {[%emt 00:01:24]} Rb8 {[%clk 00:44:37]}
{[%emt 00:00:48]} 31. Ba7 {[%clk 00:21:57]} {[%emt 00:01:58]} 1-0

[Event "DEM U18w 2025"]
[Site "Willingen GER"]
[Date "2025.06.09"]
[Round "3"]
[White "Heidemann, Nora"]
[Black "Voigt, Anastasia"]
[Result "1-0"]
[Termination "normal"]
[Board "3"]
[WhiteElo "1851"]
[BlackElo "1986"]
[WhiteClock "00:49:09"]
[BlackClock "00:02:32"]
[PlyCount "125"]
[WhiteFideId "34609253"]
[BlackFideId "16235223"]
[EventCountry "GER"]
[EventRounds "9"]
[EventType "swiss"]
[EventDate "2025.06.07"]

1. e4 {[%clk 01:30:58]} {[%emt 00:00:02]} c6 {[%clk 01:30:56]} {[%emt
00:00:05]} 2. Nc3 {[%clk 01:31:23]} {[%emt 00:00:04]} d5 {[%clk 01:31:12]}
{[%emt 00:00:14]} 3. Nf3 {[%clk 01:31:49]} {[%emt 00:00:05]} dxe4 {[%clk
01:31:33]} {[%emt 00:00:08]} 4. Nxe4 {[%clk 01:32:13]} {[%emt 00:00:06]} Nf6
{[%clk 01:31:56]} {[%emt 00:00:07]} 5. Qe2 {[%clk 01:32:39]} {[%emt 00:00:04]}
Nxe4 {[%clk 01:32:11]} {[%emt 00:00:15]} 6. Qxe4 {[%clk 01:33:04]} {[%emt
00:00:06]} Qa5 {[%clk 01:32:23]} {[%emt 00:00:17]} 7. b4 {[%clk 01:33:29]}
{[%emt 00:00:05]} Qf5 {[%clk 01:31:39]} {[%emt 00:01:13]} 8. Qe3 {[%clk
01:33:50]} {[%emt 00:00:10]} Nd7 {[%clk 01:22:36]} {[%emt 00:09:33]} 9. Bd3
{[%clk 01:29:33]} {[%emt 00:04:47]} Qf6 {[%clk 01:16:17]} {[%emt 00:06:49]} 10.
Rb1 {[%clk 01:29:11]} {[%emt 00:00:53]} Nb6 {[%clk 01:10:57]} {[%emt 00:05:49]}
11. O-O {[%clk 01:27:27]} {[%emt 00:02:14]} Nd5 {[%clk 01:09:05]} {[%emt
00:02:22]} 12. Qe4 {[%clk 01:26:42]} {[%emt 00:01:14]} Qf4 {[%clk 01:00:03]}
{[%emt 00:09:33]} 13. b5 {[%clk 01:23:44]} {[%emt 00:03:29]} e6 {[%clk
00:35:12]} {[%emt 00:25:20]} 14. bxc6 {[%clk 01:21:17]} {[%emt 00:02:58]} bxc6
{[%clk 00:34:17]} {[%emt 00:01:25]} 15. c4 {[%clk 01:20:53]} {[%emt 00:00:53]}
f5 {[%clk 00:29:22]} {[%emt 00:05:24]} 16. Qe5 {[%clk 01:09:22]} {[%emt
00:12:02]} Qxe5 {[%clk 00:28:34]} {[%emt 00:01:18]} 17. Nxe5 {[%clk 01:08:52]}
{[%emt 00:01:00]} Nf4 {[%clk 00:24:04]} {[%emt 00:04:59]} 18. Bc2 {[%clk
01:07:49]} {[%emt 00:01:33]} Ne2+ {[%clk 00:19:46]} {[%emt 00:04:48]} 19. Kh1
{[%clk 01:08:17]} {[%emt 00:00:03]} Nxc1 {[%clk 00:20:11]} {[%emt 00:00:06]}
20. Rfxc1 {[%clk 01:07:33]} {[%emt 00:01:14]} Ba3 {[%clk 00:15:45]} {[%emt
00:04:55]} 21. Re1 {[%clk 01:04:15]} {[%emt 00:03:48]} O-O {[%clk 00:11:43]}
{[%emt 00:04:31]} 22. Nxc6 {[%clk 01:04:18]} {[%emt 00:00:28]} Ba6 {[%clk
00:10:46]} {[%emt 00:01:26]} 23. d3 {[%clk 01:02:30]} {[%emt 00:02:18]} Rf6
{[%clk 00:09:24]} {[%emt 00:01:52]} 24. Ba4 {[%clk 01:00:52]} {[%emt 00:02:09]}
Bd6 {[%clk 00:08:24]} {[%emt 00:01:29]} 25. Re2 {[%clk 00:56:18]} {[%emt
00:05:05]} g5 {[%clk 00:06:06]} {[%emt 00:02:48]} 26. Reb2 {[%clk 00:48:47]}
{[%emt 00:08:01]} Rff8 {[%clk 00:05:10]} {[%emt 00:01:24]} 27. Nd4 {[%clk
00:44:04]} {[%emt 00:05:16]} Be5 {[%clk 00:01:00]} {[%emt 00:04:40]} 28. Nxe6
{[%clk 00:44:32]} {[%emt 00:00:01]} Rf6 {[%clk 00:01:20]} {[%emt 00:00:09]} 29.
Re2 {[%clk 00:38:51]} {[%emt 00:06:11]} Rxe6 {[%clk 00:01:40]} {[%emt
00:00:10]} 30. Rbe1 {[%clk 00:39:11]} {[%emt 00:00:09]} Rd8 {[%clk 00:01:05]}
{[%emt 00:01:06]} 31. Rxe5 {[%clk 00:38:47]} {[%emt 00:00:53]} Rxe5 {[%clk
00:01:33]} {[%emt 00:00:04]} 32. Rxe5 {[%clk 00:39:05]} {[%emt 00:00:11]} Rxd3
{[%clk 00:01:41]} {[%emt 00:00:22]} 33. Bb3 {[%clk 00:37:58]} {[%emt 00:01:37]}
Kg7 {[%clk 00:01:11]} {[%emt 00:01:00]} 34. h3 {[%clk 00:37:07]} {[%emt
00:01:22]} Bc8 {[%clk 00:01:09]} {[%emt 00:00:31]} 35. Re7+ {[%clk 00:37:13]}
{[%emt 00:00:24]} Kg6 {[%clk 00:00:54]} {[%emt 00:00:45]} 36. Rxa7 {[%clk
00:37:14]} {[%emt 00:00:30]} Be6 {[%clk 00:01:09]} {[%emt 00:00:14]} 37. Ra6
{[%clk 00:36:57]} {[%emt 00:00:47]} Kf7 {[%clk 00:01:31]} {[%emt 00:00:07]} 38.
Rb6 {[%clk 00:36:18]} {[%emt 00:01:10]} Rc3 {[%clk 00:01:51]} {[%emt 00:00:10]}
39. Rb7+ {[%clk 00:34:24]} {[%emt 00:02:24]} Kg6 {[%clk 00:02:06]} {[%emt
00:00:14]} 40. Rb4 {[%clk 00:33:32]} {[%emt 00:01:24]} Rc1+ {[%clk 00:01:16]}
{[%emt 00:01:19]} 41. Kh2 {[%clk 00:33:53]} {[%emt 00:00:10]} Kf6 {[%clk
00:27:26]} {[%emt 00:04:19]} 42. Rb6 {[%clk 01:01:24]} {[%emt 00:03:00]} Ke5
{[%clk 00:26:58]} {[%emt 00:00:57]} 43. a4 {[%clk 01:01:30]} {[%emt 00:00:24]}
Bxc4 {[%clk 00:16:10]} {[%emt 00:11:19]} 44. Rc6 {[%clk 01:00:50]} {[%emt
00:01:09]} Bxb3 {[%clk 00:16:04]} {[%emt 00:00:36]} 45. Rxc1 {[%clk 01:01:11]}
{[%emt 00:00:09]} Bxa4 {[%clk 00:16:23]} {[%emt 00:00:11]} 46. g4 {[%clk
00:59:48]} {[%emt 00:01:53]} fxg4 {[%clk 00:11:26]} {[%emt 00:05:28]} 47. hxg4
{[%clk 01:00:08]} {[%emt 00:00:09]} Kf6 {[%clk 00:11:20]} {[%emt 00:00:35]} 48.
Kg3 {[%clk 00:59:45]} {[%emt 00:00:54]} Bb3 {[%clk 00:10:34]} {[%emt 00:01:15]}
49. Rc6+ {[%clk 00:59:34]} {[%emt 00:00:42]} Kg7 {[%clk 00:10:42]} {[%emt
00:00:22]} 50. Rd6 {[%clk 00:58:21]} {[%emt 00:01:43]} Kf7 {[%clk 00:07:39]}
{[%emt 00:03:31]} 51. Kf3 {[%clk 00:56:53]} {[%emt 00:01:59]} Be6 {[%clk
00:06:36]} {[%emt 00:01:34]} 52. Ra6 {[%clk 00:55:27]} {[%emt 00:01:56]} Bc8
{[%clk 00:06:19]} {[%emt 00:00:46]} 53. Ra7+ {[%clk 00:55:08]} {[%emt
00:00:50]} Kg6 {[%clk 00:06:27]} {[%emt 00:00:22]} 54. Rc7 {[%clk 00:52:34]}
{[%emt 00:03:05]} Be6 {[%clk 00:06:47]} {[%emt 00:00:08]} 55. Rc6 {[%clk
00:51:26]} {[%emt 00:01:38]} Kf7 {[%clk 00:07:12]} {[%emt 00:00:04]} 56. Kg3
{[%clk 00:50:10]} {[%emt 00:01:47]} Bb3 {[%clk 00:06:09]} {[%emt 00:01:26]} 57.
f3 {[%clk 00:49:44]} {[%emt 00:01:03]} Kg7 {[%clk 00:06:26]} {[%emt 00:00:12]}
58. Kf2 {[%clk 00:49:58]} {[%emt 00:00:16]} Bf7 {[%clk 00:06:12]} {[%emt
00:00:44]} 59. Rc7 {[%clk 00:49:11]} {[%emt 00:01:18]} Kg6 {[%clk 00:06:29]}
{[%emt 00:00:13]} 60. Ke3 {[%clk 00:49:31]} {[%emt 00:00:10]} Bd5 {[%clk
00:05:45]} {[%emt 00:01:14]} 61. Rd7 {[%clk 00:48:56]} {[%emt 00:01:05]} Ba8
{[%clk 00:02:26]} {[%emt 00:03:50]} 62. Rd6+ {[%clk 00:48:59]} {[%emt
00:00:26]} Kg7 {[%clk 00:02:32]} {[%emt 00:00:23]} 63. Ra6 {[%clk 00:49:09]}
{[%emt 00:00:21]} 1-0

[Event "DEM U18w 2025"]
[Site "Willingen GER"]
[Date "2025.06.09"]
[Round "3"]
[White "Fock, Madiha"]
[Black "Fetahovic, Sarah"]
[Result "1-0"]
[Termination "normal"]
[Board "4"]
[WhiteElo "1830"]
[BlackElo "1883"]
[WhiteClock "00:23:25"]
[BlackClock "00:00:33"]
[PlyCount "57"]
[WhiteFideId "16253574"]
[BlackFideId "34601546"]
[EventCountry "GER"]
[EventRounds "9"]
[EventType "swiss"]
[EventDate "2025.06.07"]

1. e4 {[%clk 01:30:57]} {[%emt 00:00:03]} e5 {[%clk 01:30:54]} {[%emt
00:00:06]} 2. Nf3 {[%clk 01:31:21]} {[%emt 00:00:06]} Nc6 {[%clk 01:31:19]}
{[%emt 00:00:05]} 3. Bb5 {[%clk 01:31:44]} {[%emt 00:00:08]} a6 {[%clk
01:31:41]} {[%emt 00:00:08]} 4. Bxc6 {[%clk 01:32:07]} {[%emt 00:00:06]} dxc6
{[%clk 01:32:00]} {[%emt 00:00:12]} 5. O-O {[%clk 01:32:30]} {[%emt 00:00:06]}
Qf6 {[%clk 01:32:23]} {[%emt 00:00:07]} 6. d4 {[%clk 01:32:11]} {[%emt
00:00:49]} exd4 {[%clk 01:32:41]} {[%emt 00:00:12]} 7. Bg5 {[%clk 01:32:24]}
{[%emt 00:00:16]} Qd6 {[%clk 01:32:49]} {[%emt 00:00:23]} 8. Nxd4 {[%clk
01:32:32]} {[%emt 00:00:23]} Be7 {[%clk 01:33:01]} {[%emt 00:00:18]} 9. Bxe7
{[%clk 01:32:02]} {[%emt 00:01:01]} Nxe7 {[%clk 01:33:19]} {[%emt 00:00:12]}
10. Nc3 {[%clk 01:32:06]} {[%emt 00:00:25]} Bd7 {[%clk 01:33:28]} {[%emt
00:00:21]} 11. Nb3 {[%clk 01:30:14]} {[%emt 00:02:22]} O-O-O {[%clk 01:32:43]}
{[%emt 00:01:16]} 12. Qf3 {[%clk 01:21:57]} {[%emt 00:08:46]} Be6 {[%clk
01:32:42]} {[%emt 00:00:31]} 13. Qe3 {[%clk 01:18:56]} {[%emt 00:03:31]} b6
{[%clk 01:32:12]} {[%emt 00:01:00]} 14. Rfd1 {[%clk 01:13:56]} {[%emt
00:05:30]} Qe5 {[%clk 01:29:49]} {[%emt 00:02:53]} 15. Nd4 {[%clk 01:10:20]}
{[%emt 00:04:06]} Bd7 {[%clk 01:25:07]} {[%emt 00:05:13]} 16. Rd2 {[%clk
00:57:56]} {[%emt 00:12:54]} Ng6 {[%clk 01:16:12]} {[%emt 00:09:24]} 17. Rad1
{[%clk 00:52:59]} {[%emt 00:05:27]} c5 {[%clk 00:32:29]} {[%emt 00:44:14]} 18.
Nf3 {[%clk 00:49:40]} {[%emt 00:03:49]} Qh5 {[%clk 00:31:25]} {[%emt 00:01:34]}
19. Rd5 {[%clk 00:43:06]} {[%emt 00:07:04]} Qg4 {[%clk 00:22:52]} {[%emt
00:09:02]} 20. h3 {[%clk 00:41:20]} {[%emt 00:02:16]} Qe6 {[%clk 00:23:02]}
{[%emt 00:00:20]} 21. Qd3 {[%clk 00:37:16]} {[%emt 00:04:33]} b5 {[%clk
00:10:39]} {[%emt 00:12:54]} 22. Rxc5 {[%clk 00:32:13]} {[%emt 00:05:34]} Qe7
{[%clk 00:01:21]} {[%emt 00:09:48]} 23. b4 {[%clk 00:24:43]} {[%emt 00:07:59]}
Nf4 {[%clk 00:01:15]} {[%emt 00:00:35]} 24. Qe3 {[%clk 00:23:49]} {[%emt
00:01:25]} Ne6 {[%clk 00:01:21]} {[%emt 00:00:24]} 25. Nd5 {[%clk 00:23:58]}
{[%emt 00:00:21]} Qe8 {[%clk 00:00:54]} {[%emt 00:00:58]} 26. Rc3 {[%clk
00:23:14]} {[%emt 00:01:13]} Bc6 {[%clk 00:00:50]} {[%emt 00:00:34]} 27. Qa7
{[%clk 00:23:04]} {[%emt 00:00:39]} Bxd5 {[%clk 00:00:52]} {[%emt 00:00:29]}
28. exd5 {[%clk 00:23:25]} {[%emt 00:00:10]} Nc5 {[%clk 00:00:33]} {[%emt
00:00:49]} 29. Rxc5 {[%emt 00:01:21]} 1-0